000 00206 a2200097 4500
001 20127
100 _aHopkins H
245 _aEqypt the crucible
260 _a
_bSecker & Warburg
_c
090 _c14721
_d14721
942 _aNUST-CAE
_cM
_c5249
999 _c255200
_d255200